Home truths 2012 (Record no. 114732)
[ view plain ]
| 000 -LEADER | |
|---|---|
| fixed length control field | 01234cam a22001935a 4500 |
| 001 - CONTROL NUMBER | |
| control field | L157346 |
| 008 - FIXED-LENGTH DATA ELEMENTS--GENERAL INFORMATION | |
| fixed length control field | 121030s2012 xxk f 000 0 eng d |
| 035 ## - SYSTEM CONTROL NUMBER | |
| System control number | (Sirsi) u157346 |
| 041 0# - LANGUAGE CODE | |
| Language code of text/sound track or separate title | eng |
| 110 2# - MAIN ENTRY--CORPORATE NAME | |
| Corporate name or jurisdiction name as entry element | National Housing Federation |
| 9 (RLIN) | 695 |
| 245 00 - TITLE STATEMENT | |
| Title | Home truths 2012 |
| Remainder of title | The housing market in England |
| Medium | [electronic resource] |
| 260 ## - PUBLICATION, DISTRIBUTION, ETC. | |
| Place of publication, distribution, etc. | London |
| Name of publisher, distributor, etc. | National Housing Federation |
| Date of publication, distribution, etc. | 2012 |
| 520 ## - SUMMARY, ETC. | |
| Summary, etc. | Identifies the cause and effect of housing shortages in England including an imbalance of supply and demand, funding and affordability issues, soaring house prices leading to greater demand on the private rented sector and lack of available land for housing development. Recommendations to reduce shortages include the release of publically owned land including brown field sites to housing associations and long term investment in social housing. Compares house prices and rental levels in both the social and private rented sectors, affordability ratios and house price increases from 2012?2018 |
| 590 ## - LOCAL NOTE (RLIN) | |
| Local note | KA |
| 651 #4 - SUBJECT ADDED ENTRY--GEOGRAPHIC NAME | |
| Geographic name | England |
| 690 ## - LOCAL SUBJECT ADDED ENTRY--TOPICAL TERM (OCLC, RLIN) | |
| Topical term or geographic name as entry element | Residential property |
| 9 (RLIN) | 6266 |
| 856 40 - ELECTRONIC LOCATION AND ACCESS | |
| Uniform Resource Identifier | <a href="https://www.housing.org.uk/PDF/HomeTruths2012_England.pdf">https://www.housing.org.uk/PDF/HomeTruths2012_England.pdf</a> |
| Public note | View the item free of charge from the www.housing.org.uk website |
| 942 ## - ADDED ENTRY ELEMENTS (KOHA) | |
| Suppress in OPAC | 0 |
| Withdrawn status | Lost status | Source of classification or shelving scheme | Damaged status | Not for loan | Home library | Current library | Shelving location | Date acquired | Total Checkouts | Full call number | Barcode | Date last seen | Copy number | Price effective from | Koha item type |
|---|---|---|---|---|---|---|---|---|---|---|---|---|---|---|---|
| Dewey Decimal Classification | Virtual | Virtual | Online | 30/10/2012 | ONLINE PUBLICATION | 157346-2001 | 06/08/2019 | 1 | 06/08/2019 | Book |